-
EPSTEIN,LEE AND WALKER, THOMAS
Entry Personal Name
Number of records used in: 1
001 - CONTROL NUMBER
003 - CONTROL NUMBER IDENTIFIER
005 - DATE AND TIME OF LATEST TRANSACTION
- control field:
20210821162846.0
008 - FIXED-LENGTH DATA ELEMENTS
- fixed length control field:
210821|| aca||aabn | a|a d
040 ## - CATALOGING SOURCE
- Original cataloging agency:
OSt
- Transcribing agency:
OSt
100 ## - HEADING--PERSONAL NAME
- Personal name:
EPSTEIN,LEE AND WALKER, THOMAS
670 ## - SOURCE DATA FOUND
- Source citation:
Work cat.: (OSt): EPSTEIN,LEE AND WALKER, THOMAS, CONSTITUTIONAL LAW FOR ACHANGING AMERICA : A SHORT COURSE, 2015